000 00859nas a2200277 4500
001 BR9508007
003 BR-BrBNA
005 20231205095447.0
007 ta
008 230509b bl.|||p| |||| 00| 00por d
040 _aBR-BrBNA
_bpor
_cBiblioteca Nacional de Agricultura
041 _a(En)
072 _aL10
100 1 _aLarramendy, M.L.
100 1 _aNylund, S.J.
100 1 _aReigosa, M.A.
100 1 _aKnuutila, S.
245 1 _aThe baseline frequency of sister chromatid exchanges in pig lymphocytes detected by a one-step immunofluorescent method
650 _aSUÍNO
650 _aLinfocito
650 _aCromossoma
650 _aImunofluorescencia
773 0 _tRevista Brasileira de Genetica (Brazil)
_xISSN 0100-8455
_g(Mar 1985), v. 18(1) p. 63-68
_wBR9508007
909 _a202311
_bLúcia
_c55
_dLúcia Elande
942 _2AGRIS
_n0
_cANA
999 _c150817
_d150817